| 000 | 01058nam0a22002531 4500 | ||
|---|---|---|---|
| 001 | v19\rc\1435221 | ||
| 005 | 20260405170938.0 | ||
| 035 | _a(NLR Aleph) 005225419 | ||
| 090 |
_a5549169 _c5549169 |
||
| 100 | _a20060620d1871 |||y0rusy50 ca | ||
| 101 | 0 | _arus | |
| 102 | _aRU | ||
| 105 | _aa z ||||| | ||
| 200 | 1 |
_aСеверо-Кавказская железная дорога _eНесколько слов о направлении будущей Ростово-Владикавк. линии на г. Ставрополь _fИосиф Бентковский |
|
| 210 |
_aСанкт-Петербург _cтип. Ю.О. Шрейера _d1871 |
||
| 215 |
_a50 с., 1 л. табл. _cтабл. _d21 |
||
| 700 | 1 |
_8rus _7ca _aБентковский _bИ. В. _f1812-1890 _gИосиф Викентьевич _3RU\NLR\AUTH\7772660 _955588 |
|
| 801 | 2 |
_aRU _bNLR _c20090311 _2rusmarc |
|
| 801 | 0 |
_aRU _bNLR _c20060620 _gpsbo |
|
| 801 | 0 |
_aRU _bRuMoRGB _c20060620 _2psbo |
|
| 801 | 1 |
_aRU _bProSoft-M _c20060620 _2rusmarc |
|
| 852 |
_aNLR _j18.116.5.121 |
||
| 942 | _cBOOK | ||
| 980 | _aNB | ||